Statistiques concernant Couleurs en héraldique

Cliquez ici pour prendre le quiz!

Statistiques générales

  • Ce quiz a été pris 135 fois
  • Le résultat moyen est 6 sur 8

Statistiques - réponses

Réponse% Correct
Argent
92%
Or
92%
Azur
82%
Hermine
74%
Sable
71%
Gueules
60%
Sinople
46%
Vair
32%

Distribution des résultats

Percentile par nombre de réponses

% des personnes avec chaque résultat

Votre développement - résultats

Vous n’avez pas pris ce quiz